[Event "FIDE World Cup"]
[Site "Tromsoe"]
[Date "2013.08.22"]
[Round "4.4"]
[White "Svidler, Peter"]
[Black "Le, Quang Liem"]
[Result "1-0"]
[WhiteElo "2746"]
[BlackElo "2702"]
[Annotator "Sumets,A"]
[PlyCount "269"]
[EventDate "2013.08.11"]
[EventType "k.o."]
[EventRounds "7"]
[EventCountry "NOR"]
[SourceTitle "CBM 156"]
[Source "ChessBase"]
[SourceDate "2013.09.17"]
[SourceVersion "1"]
[SourceVersionDate "2013.09.17"]
[SourceQuality "1"]

1. d4 d5 2. c4 c6 3. Nc3 Nf6 4. cxd5 cxd5 5. Bf4 Nc6 6. e3 Bf5 7. Qb3 Na5 8.
Qa4+ Bd7 9. Qc2 Rc8 (9... e6 10. Bd3 Nc6 (10... Rc8) 11. a3 Nh5 12. Be5 Rc8 (
12... Nxe5 $5 13. dxe5 Qg5 14. f4 Qh4+ 15. Qf2 Qxf2+ 16. Kxf2 d4 17. exd4 Nxf4
$11) 13. Nf3 f6 14. Bxh7 fxe5 15. Qg6+ Ke7 16. Qxh5 Be8 17. Qg5+ Kd7 18. Qxd8+
Kxd8 19. Ng5 (19. Bc2 exd4 20. Nxd4 Nxd4 21. exd4 Rc4 22. O-O-O Bxa3 23. Nxd5
Bxb2+ 24. Kxb2 exd5 $11) 19... Ke7 20. dxe5 Nxe5 21. Rc1 Bd7 $44 {Khenkin,I 
(2644)-Savic,M (2525) Budva 2009 0-1 (56)}) 10. Bd3 e6 11. Nf3 Be7 12. h3 (12.
O-O O-O ({The computer recommends} 12... Nc6 13. a3 Nh5 14. Be5 f6 15. Bg3 Nxg3
16. hxg3 f5 17. Rfc1 $14 {I believe that White has better chances}) 13. Ne5 Nc4
(13... b5 {A dubious move.} 14. Qe2 a6 15. Rac1 Be8 16. Bg5 Nc4 17. b3 Nd6 18.
Rc2 Nd7 19. Bxe7 Qxe7 20. a4 $14 {Kazhgaleyev,M (2609)-Van Wely,L (2653)
Philadelphia 2010 1-0 (38)}) 14. Rac1 (14. Qe2 Nd6 15. Rac1 Be8 16. Rc2 Nfe4
17. Rfc1 f6 18. Nf3 Bc6 (18... Nxc3 19. Rxc3 Rxc3 20. Rxc3 Ne4 21. Rc1 Bc6 $11)
19. Bxd6 Nxd6 20. e4 Qd7 21. e5 $14 {Kazhgaleyev,M (2637)-Van Kampen,R (2443)
Wijk aan Zee 2011 1-0 (54)}) 14... Bc6 15. Rfd1 Nd6 16. Qe2 Qa5 17. Rc2 (17. a3
$5 Rc7 18. f3 Rfc8 $6 19. Nxc6 Rxc6 20. e4 $16) 17... Rfd8 18. Bg5 Ba4 19. Nxa4
Qxa4 20. b3 Qe8 {1/2 (20) Fressinet,L (2718)-Gelfand,B (2751) Plovdiv 2010})
12... O-O 13. O-O Nc4 14. Ne5 Bc6 $146 {I would recommend 14...Be8.} (14... Be8
15. Rfc1 b5 16. a3 (16. Qe2 b4 17. Nd1 Nxe5 18. Bxe5 Bd7 19. Ba6 Rxc1 20. Rxc1
Ne8 $11) 16... a6 17. Qe2 Nd7 18. Nxd7 Bxd7 19. a4 Qb6 $6 (19... b4 $5 20. Nb1
Qb6 $11) 20. axb5 axb5 21. b3 $14 {Khenkin,I (2620)-Rapport,R (2545) Helsingor
2011 0-1 (40)}) 15. Rac1 Nd6 16. Qb3 Qa5 17. Rc2 Rfd8 18. Nxc6 Rxc6 19. Rfc1
$14 {Black's position is unpleasant, especially in a rapid game.} h6 (19... Rb6
$2 20. Qa4 Qxa4 21. Nxa4 Rb4 22. b3 $16) 20. a3 Nfe8 21. Qb4 (21. Qa2 $5 Rdc8
22. b4 Qd8 23. b5 R6c7 24. Qb3 $14) 21... Qxb4 22. axb4 Nc4 $6 ({Probably he
had to trade pawns after} 22... a6 $5 23. b5 axb5 24. Nxb5 Rxc2 25. Rxc2 Nxb5
26. Bxb5 $14) 23. b5 {Now the pawn on a7 is weak.} Rcc8 24. Na4 ({It seems to
me that White could set more problems for Black if he played} 24. Ra1 $1 Bd6 $1
(24... Nxb2 $2 25. Nxd5 $1 exd5 26. Rxb2 $16) (24... Ra8 25. Bxc4 dxc4 26. Ne4
Rd5 27. b6 a6 28. Ra4 Rb5 29. Bc7 $16) 25. Ne2 Bxf4 26. Nxf4 Ned6 27. Rxa7 g5
28. Nh5 Ra8 29. Rxa8 Rxa8 {Black has enough compensation for a pawn.}) 24...
Ned6 25. b3 ({I believe that} 25. Bxc4 {was stronger. For example} Rxc4 $8 (
25... Nxc4 26. b3 Nd6 27. Rc7 $16) (25... dxc4 26. Bxd6 $16) 26. Rxc4 Nxc4 27.
b3 Na5 28. Rc7 (28. Bc7 $2 Rc8) 28... Re8 29. Nc5 Bxc5 30. dxc5 Nxb3 (30... e5
$2 31. Bxe5 Rxe5 32. b4 Nc4 33. Rxb7 $18) 31. Bd6 Na5 32. Kf1 {White has huge
compensation for a pawn.}) 25... Na5 26. Rxc8 Rxc8 27. Rc5 Nxb3 28. Bxd6 Nxc5
29. Bxc5 Bf8 30. Bxf8 Kxf8 31. Nc5 Rc7 $6 {He just lost a tempo.} ({Why not} 
31... b6 $1 32. Nd7+ (32. Na6 $6 Rc3 33. Bf1 Ke7 34. Nb4 Kd6 35. Nd3 f6 36. g4
(36. f4 $2 Rb3 $17) 36... e5 37. Kg2 g5 (37... exd4 38. exd4 Rc4 39. Nf4 Rxd4
40. Nh5 $11) 38. dxe5+ fxe5 $15) 32... Ke7 33. Ne5 Rc1+ 34. Kh2 Ra1 $11) 32.
Kf1 b6 33. Na6 Rc1+ {Liem Le Quang lost a tempo by playing 31...Rc7 so now 33..
.Rc3 is useless} (33... Rc3 34. Ke2) 34. Ke2 Ke7 35. Nb4 Kd6 36. h4 {Svidler
decided to reduce the number of pawns on the board.} g5 37. hxg5 hxg5 38. f4
gxf4 39. exf4 f5 {The position seems to be completely drawish.} 40. Nc2 Rb1 41.
Ne1 Rb2+ 42. Ke3 Ke7 43. Be2 Rb3+ 44. Kf2 Kd6 45. Nf3 Rb4 46. g3 Rb3 47. Ne5
Rb2 48. g4 {White keeps swapping pawns.} fxg4 49. Nxg4 {Up to the moment
Black's position seems to be very solid.} Rb3 50. Ne5 Rb2 51. Ke3 Rb1 52. Bd3
Re1+ 53. Kd2 Rh1 {Black is just waiting} 54. f5 exf5 55. Bxf5 {Now we can
figure out what White wants. His plan is attacking the d5-pawn twice and after
trading B+N for rook + pawn, the pawn endgame will be winning for White. Of
course against a computer this mission is impossible but Peter Svidler is up
against a human player...} Rh2+ 56. Kc3 Rh1 57. Bd3 Rc1+ 58. Kd2 Rh1 59. Nf3
Rh8 60. Ne1 Rh2+ 61. Kc3 Rh3 62. Nc2 Rg3 63. Kd2 Rg2+ 64. Be2 Rf2 65. Ne3 Rf4 {
Black needs to control the f3-square} 66. Kd3 Rf2 67. Bh5 Rb2 $1 {Up to this
moment Liem Le Quang has played the endgame very strongly.} (67... Rf8 68. Bd1
Rf2 69. Bb3 Rb2 70. Bc4 $3 {a brilliant move.} Rb1 71. Nxd5 $18) 68. Be8 Rb3+
69. Kd2 Rb4 70. Kc3 Ra4 71. Kb3 (71. Bc6 Ra3+ 72. Kd2 Ra2+) 71... Ra5 72. Bc6
a6 73. Kb4 Ra1 $2 {Now Black has problems.} (73... axb5 74. Bxd5 Ra4+ 75. Kc3
b4+ 76. Kb2 b3 $11) 74. Bxd5 axb5 75. Bb3 $16 {Black is losing the b5-pawn} Rb1
76. Nd1 Kd7 77. Nc3 Rh1 78. Nxb5 Rh4 79. Bd5 Rh2 80. Kc3 Rf2 81. Kd3 Rh2 82.
Bb7 Rb2 83. Kc4 Ke6 84. Bc8+ Ke7 85. Bf5 Rf2 86. Be4 Ke6 87. Nc3 Kd6 88. Bd5
Rc2 89. Be4 {White doesn't need to hurry up.} Rc1 90. Kd3 Rg1 91. Nb5+ Ke6 92.
Bc6 Rc1 93. Bf3 (93. d5+ $2 Ke5 $11) 93... Rg1 94. Na3 Ra1 95. Nc4 b5 96. Nd2
Ra3+ 97. Ke4 Kd6 98. Bd1 Rh3 99. Bb3 Rh4+ 100. Kd3 Rh3+ 101. Kc2 Rh4 102. Kd3
Rh3+ 103. Ke2 Rh2+ 104. Ke3 Rh3+ 105. Nf3 Rh1 (105... Rg3 $1 106. Kf4 Rh3) 106.
Ng5 Rh5 107. Ne4+ Kc6 108. Be6 {The rook doesn't have any squares on the 5th
rank. So eventually White can play d5.} Rh1 109. d5+ Kb6 110. Kd4 Rd1+ 111. Ke5
$18 b4 {Desperation.} 112. d6 Kc6 113. Bb3 Re1 114. Ba4+ Kb6 115. Kd5 Rh1 116.
Nf6 Rh3 117. Nd7+ Ka5 118. Nc5 b3 119. d7 (119. Bxb3 Kb6 120. Nd7+ Kb7 121. Bc4
$18) 119... Rh5+ 120. Kc4 Rh4+ 121. Kxb3 Rd4 122. Kc3 Rd5 123. Kc4 Rxd7 124.
Bxd7 {Of course Peter Svidler has no problem with the endgame B+N+K against K.}
Kb6 125. Ne6 Ka5 126. Kc5 Ka6 127. Bc6 Ka5 128. Nd4 Ka6 129. Nb5 Ka5 130. Nd6
Ka6 131. Bb5+ Ka7 132. Kc6 Kb8 133. Kb6 Ka8 134. Ba6 Kb8 135. Nc4 1-0

[Event "Norway Chess 1st"]
[Site "Stavanger"]
[Date "2013.05.09"]
[Round "2"]
[White "Aronian, Levon"]
[Black "Nakamura, Hikaru"]
[Result "1-0"]
[WhiteElo "2813"]
[BlackElo "2775"]
[Annotator "Sumets,A"]
[PlyCount "139"]
[EventDate "2013.05.08"]
[EventType "tourn"]
[EventRounds "9"]
[EventCountry "NOR"]
[EventCategory "21"]
[SourceTitle "CBM 155"]
[Source "ChessBase"]
[SourceDate "2013.07.16"]
[SourceVersion "1"]
[SourceVersionDate "2013.07.16"]
[SourceQuality "1"]

1. d4 d5 2. c4 c6 3. cxd5 {Nowadays the Slav Exchange Variation is getting
more and more popular among the elite players. It is strange, isn't it?} cxd5
4. Bf4 {An interesting move order. In my opinion White wanted to avoid an
aggressive setup by Black such as} (4. Nc3 Nc6 ({or} 4... Nf6 5. Nf3 (5. Bf4 $1
) 5... Nc6 6. Bf4 Nh5 $5) 5. Bf4 e5 $5 6. dxe5 d4 7. Ne4 Qa5+ (7... Bf5 $5) (
7... Qb6 $5) 8. Nd2 Nge7 9. Ngf3 h6 10. h4 Bg4 11. g3 Bxf3 12. exf3 Nxe5 13.
Qe2 N7c6 14. Bxe5 Qxe5 15. Qxe5+ Nxe5 16. Bb5+ Nc6 17. Rc1 Bb4 18. a3 Bxd2+ 19.
Kxd2 O-O 20. Bxc6 bxc6 21. Rxc6 $16 {Ghaem Maghami,E-Yu Yangyi Jakarta INA
2011 1-0 (41); and White won this endgame.}) 4... Nc6 (4... Qb6 5. Nc3 Nf6 6.
e3 Qxb2 7. Bb5+ Bd7 8. Bxd7+ Nbxd7 9. Nge2 {see the game Morozevich,
A-Mamedyarov,S FIDE Gp Tashkent 2012.}) 5. e3 Nf6 6. Nc3 Bg4 7. Qb3 Na5 8. Qa4+
Bd7 9. Bb5 (9. Qc2 {The main continuation. Recently this position, as well as
all exchange variations, has become popular among strong players..} e6 (9...
Rc8 10. Nf3 g6 $6 11. Bd3 Bg7 12. h3 b5 13. a3 Nc4 14. O-O O-O 15. Rfc1 a6 16.
Qe2 Bf5 17. Ne5 Nd7 $6 (17... Bxd3 18. Nxd3 Ne4 19. a4 $14) 18. Bxf5 gxf5 19.
Nd3 e6 20. a4 $16 {1-0 Zhou Weiqi-Ma Qun/Xinghua CHN 2013 (49)}) 10. Bd3 Rc8
11. Nf3 Bb4 12. O-O Nc4 13. Bxc4 Rxc4 14. Ne5 Rc8 15. Qb3 Qa5 16. Nxd7 Nxd7 17.
a3 Bxc3 18. Qxb7 O-O 19. bxc3 Nb6 20. Bc7 Qb5 (20... Qxc3 21. Bxb6 axb6 22.
Qxb6 $16) (20... Qa4 $1 21. Bxb6 axb6 22. Qxb6 Rxc3 $14) 21. Qxa7 Nc4 22. Bg3
Ra8 23. Qe7 Rfc8 24. h3 Qa5 25. Qb4 $16 {Kramnik,V-Aronian,L/Shanghai CHN 2010
1-0 (45)}) 9... Nc6 10. Qd1 $5 {I believe this is White's best chance to get
an edge. Mainly, Black has a better version of the line 1.d4 d5 2.c4 c6 3.cxd5
cxd5 4.Nc3 Nf6 5.Bf4 e6 because he has already developed his light-squared
bishop. Sooner or later White should play Bd3 so Black will get an extra tempo
compared with the above-mentioned line.} (10. Nf3 {this continuation is not
dangerous at all.} e6 (10... a6 11. Be2 e6 12. O-O Be7 13. h3 O-O 14. Qd1 Rc8
15. Rc1 Na5 16. Ne5 Nc4 17. Nxc4 dxc4 18. Bf3 Qb6 19. d5 exd5 20. Nxd5 Nxd5 21.
Qxd5 Bc6 $11 {Fridman,D-Ter Sahakyan,S EU-Ch Aix-les-Bains FRA 2011 1/2-1/2 
(34)}) 11. Ne5 Nxe5 12. Bxe5 a6 13. Bxd7+ Nxd7 14. Bg3 Be7 15. O-O b5 16. Qc2
O-O 17. a4 b4 18. Ne2 Rc8 19. Qd3 Qb6 20. Rfc1 Qb7 21. b3 Rxc1+ 22. Rxc1 Rc8
23. Qd2 Nb6 24. Rxc8+ Nxc8 {1/2-1/2 Ivanov,M-Sumets,A Guben GER 2012}) 10... a6
(10... e6 {If you wanted my opinion I would recommend. It is not so bad to
play a theoretical position with an extra tempo.} 11. Nf3 (11. Bd3 Be7 12. g4
$6 {A very aggressive approach. In my opinion White has no good reason to play
so aggressively.} Qb6 13. g5 $6 (13. Rb1 e5 14. dxe5 Nxg4 15. Nf3 (15. Nxd5 $2
Qa5+ 16. Nc3 Ncxe5 $17) 15... d4 16. exd4 Nxd4 17. O-O $13) 13... Nh5 $1 14.
Qxh5 Qxb2 $17 15. Rd1 Qxc3+ 16. Kf1 Nb4 17. Bb1 Ba4 18. Re1 Nd3 19. Bxd3 Qxd3+
20. Kg2 O-O 21. Ne2 Qe4+ 22. f3 Qc2 23. Kg3 Bb5 24. Nc1 Rac8 25. Be5 Qf5 26. h4
f6 {0-1 Shomoev,A-Dreev,A/Kirov RUS 2012}) 11... Be7 12. h3 Ne4 $6 {A dubious
move.} (12... O-O 13. O-O Qb6 14. Qe2 Rac8 15. Bd3 Rfd8 16. Rac1 Be8 17. Rfd1 (
17. g4 $6 Nb4 18. Bb1 Ne4 $132) (17. Na4 Nxd4 18. Nxb6 Nxe2+ 19. Bxe2 Rxc1 20.
Rxc1 axb6 21. Rc7 Rd7 22. Rc8 Rd8 23. Rc7 $11) 17... a6 18. Bb1 Na5 19. Ne5 Nc4
20. Nxc4 Rxc4 $11 {0-1 Stefanova,A-Sargissian,G/Antwerp 2009/CBM 133 (71)}) 13.
Nxe4 dxe4 14. Nd2 Bb4 15. a3 Bxd2+ 16. Qxd2 Ne7 17. Be2 Qb6 18. O-O O-O 19.
Rfc1 Nd5 20. Bg3 $14 {Potkin,V-Esen,B/Legnica POL 2013 0-1 (65). White has a
comfortable edge. The result of the game had nothing to do with the outcome of
the opening.}) 11. Bd3 Bg4 12. Nge2 e6 13. O-O Be7 $146 (13... Bxe2 $6 {
This is too cynical to be recommended. Despite the fact that White couldn't
win the game he had an edge throughout the whole game.} 14. Qxe2 Bd6 15. Bxd6 (
15. Bg5 $5) 15... Qxd6 16. Rac1 O-O 17. Na4 Nd7 18. Nc5 (18. a3 $5 Rfc8 19. Rc3
Ne7 20. Rfc1 h6 21. Nc5 Nxc5 22. dxc5 Qc7 23. b4 $14) 18... Nxc5 19. Rxc5 Rfc8
20. Rfc1 g6 21. b4 Qd7 22. b5 axb5 23. Bxb5 Qd6 24. Bxc6 Rxc6 25. Rxc6 bxc6 26.
g3 Qa3 27. Rxc6 Qxa2 28. Qxa2 Rxa2 29. Kg2 Kg7 30. Rc7 h5 {1/2-1/2 Brunello,
S-Michalik,P/Meissen GER 2013}) 14. Rc1 O-O 15. Na4 Rc8 $6 {I believe that
Black's problems began with this move} (15... Nd7 {Recently Nakamura played a
very similar position against Caruana. Nakamura played with the white pieces.
It seems to me that White has very little chances to gain an advantage.} 16.
Qb3 (16. a3 Rc8 17. h3 (17. Qb3 $6 b5 18. Nc5 $2 Nxc5 19. dxc5 e5 20. Bg3 e4
$19) (17. f3 Bh5 18. b4 Bg6 19. Nc5 Nxc5 20. bxc5 e5 $5 21. Bg3 exd4 22. exd4
Re8) 17... Bh5 18. b4 Bg6 19. Nc5 Nxc5 20. bxc5 Bxd3 21. Qxd3 b6 22. cxb6 (22.
Qxa6 bxc5 23. dxc5 Qd7 24. Qd3 Na5 25. e4 Bxc5 $11) 22... Qxb6 $11) 16... e5 $5
(16... Ra7) 17. dxe5 Ndxe5 18. Bxe5 (18. Rfd1 $2 Nxd3 19. Qxd3 Nb4 20. Qd2 Nxa2
21. Rc7 Bd6 $15) 18... Nxe5 19. Rfd1 Nxd3 20. Qxd3 Qa5 21. Nac3 Rfd8 22. h3 Be6
23. Nd4 Rac8 $11) 16. f3 Bh5 17. Nc5 Bxc5 (17... e5 $5 {The most interesting
and probably the strongest continuation. It can lead to enormous complications}
18. Nxb7 (18. Bg3 e4 19. fxe4 (19. Bb1 exf3 20. gxf3 Bxc5 21. Rxc5 Bg6 22. Bxg6
hxg6 $11) 19... dxe4 20. Nxe4 Nxe4 21. Bxe4 Bg5 22. Qd3 Bxe2 23. Qxe2 Qe7 24.
Bxc6 Qxe3+ 25. Qxe3 Bxe3+ 26. Kh1 Bxc1 27. Bxb7 Bxb2 28. Bxc8 Rxc8 $11) 18...
Qb6 19. dxe5 Nxe5 20. Bf5 (20. Bxe5 $2 Qxe3+ 21. Kh1 Qxe5) 20... Rc4 21. Rxc4
dxc4 22. Qd4 Nxf3+ 23. gxf3 Qxb7 $11) ({Black doesn't get full compensation
for an exchange after} 17... Qb6 18. g4 Bg6 19. g5 Nh5 20. Nd7 Qxb2 21. Nxf8
Bxf8 22. Bxg6 hxg6 23. Qc2 Qa3 24. Kf2 $14) 18. dxc5 $1 {It is much easier for
Black to equalise after Rc5:} (18. Rxc5 Bg6 19. Bxg6 hxg6 20. Qb3 Qe7 21. Rfc1
Nh5 $11) 18... e5 19. Bg5 h6 20. Bxf6 {I think this is not White's best option}
(20. Bh4 $1 e4 {and now Houdini prompts} (20... Rc7 $6 21. Ng3 Bg6 22. Bxf6
gxf6 23. Qd2 $16) (20... g5 21. Bg3 Qe7 22. a3 Rfd8 23. h4 $40) 21. Ng3 $1 (21.
fxe4 dxe4 22. Bc2 Qxd1 23. Bxd1 Nd5 24. Nc3 Nxc3 25. Bxh5 Nxa2 26. Rcd1 Nab4
27. Rd7 g6 28. Be2 Nd3 29. Bxd3 exd3 30. Rxd3 Ne5 31. Rd5 Rfe8 $11) 21... Bxf3
22. Be2 $1 Bxe2 23. Nxe2 g5 24. Bg3 $40 {White has a strong attack for the
pawn.} Ne8 (24... Nb4 25. Qd4 Nd3 26. Rxf6 Nxc1 27. Nc3 $1 (27. Nxc1 $2 Rxc5
$13) 27... Kh7 28. Bd6 Rc6 29. Rf1 $18) 25. Nd4 Nxd4 26. Qxd4 Qd7 27. Rcd1 $14)
20... Qxf6 21. Ng3 Qg5 22. Qd2 $1 (22. Nxh5 Qxh5 23. Qb3 Qg5 24. Bb1 Rfd8 25.
Qxb7 Qxe3+ 26. Kh1 Na5 27. Qxa6 Nc4 28. b4 Ra8 29. Qb7 Rab8 30. Qe7 Rdc8 31.
Qd7 Rd8 32. Qe7 Rdc8 $11) 22... d4 $8 {The only move otherwise Black gets into
troubles.} (22... Rfd8 23. f4 exf4 24. exf4 Qh4 25. a3 Rc7 26. Nf5 Qf6 27. Nd6
$16) (22... Bg6 23. Bxg6 Qxg6 24. Qxd5 Rfd8 25. Qb3 Rd3 26. Qxb7 Rb8 27. Qxa6
Rxb2 28. Rfd1 $16) 23. Qe1 dxe3 $2 {Likely this was the decisive mistake.} (
23... Bg6 24. f4 exf4 (24... Qh4 25. f5 Bh7 26. Qe2 dxe3 27. Rc4 Nd4 28. Qxe3
Rfe8 29. Ne4 Nxf5 $2 30. Rxf5 Bxf5 31. Nd6 $18) 25. exf4 Qd5 26. f5 Bh7 27. Be4
Qe5 28. f6 $40) (23... Rcd8 24. f4 Qh4 25. Be4 Rfe8 26. Qf2 Bg6 27. f5 Bh7 28.
Rce1 $14) 24. Ne4 Qe7 25. Nd6 Rc7 26. Qxe3 Bg6 27. Bxg6 fxg6 28. Rfe1 $16 {
Black's position is completely joyless.} Qe6 29. a3 g5 30. Rc4 Qd5 31. Qe4 $1
Qxe4 ({Black could have tried} 31... Qd2 $5 32. Rc2 Qd4+ 33. Qxd4 Nxd4 34. Rc4
Nf5 $16) 32. Rcxe4 Rd8 33. R1e3 Kh7 34. Kf2 a5 (34... Re7 35. Rb3 Rdd7 36. Rb6
Nd4 37. b4 $16 {Black's position is very difficult.}) 35. Rc3 Ra8 36. Ke3 Ra6
37. Nc4 Ne7 38. Nb6 a4 39. Kd2 Ra5 40. Nxa4 {White has several attractive
options. It is not easy to point out the best one.} (40. Rxe5 $5 Ng6 41. Ree3
Rcxc5 42. Rxc5 Rxc5 43. Nxa4 $16) (40. Rxa4 Raxc5 41. Rac4 Rxc4 42. Rxc4 Nc6 (
42... Rxc4 43. Nxc4 Nc6 44. Nd6 Nd8 45. a4 Kg6 46. a5 $18) 43. Rc5 Kg6 44. b4
$16) 40... Nd5 41. Rc2 Nf4 42. Kc1 Rc6 43. Kb1 g4 $6 {Black loses a second
pawn. Anyway his position was bad and his defeat was a question of time.} 44.
fxg4 Nd3 45. Re3 Nf4 46. b3 Re6 47. Kb2 Nd5 48. Re4 Nf6 49. Rec4 $18 {White is
completely winning, only a miracle can help Black.} e4 50. Nb6 Nxg4 51. b4 Ra6
52. Re2 Nxh2 53. Rcxe4 Rg6 54. Re7 Ra7 55. a4 Nf1 56. b5 Ng3 57. Rf2 Rg5 58. c6
{Here Black could have admitted his defeat but who among us wants to resign?}
Rxa4 59. Nxa4 Rxb5+ 60. Kc2 bxc6 61. Nc3 Ra5 62. Rff7 Nf5 63. Ra7 Re5 64. g4
Nd4+ 65. Kd2 Ne6 66. Rf5 Nd4 67. Rxe5 Nf3+ 68. Ke3 Nxe5 69. Kf4 Ng6+ 70. Ke4
1-0